Fluids and electrolytes demystified

Contents: Key elements underlying fluid and electrolyte balance; Key elements underlying acid-base balance; General nursing assessments and diagnostic tests related to fluid, electrolyte, and acid-base balance; Fluid volume imbalances; Sodium imbalances; Potassium imbalances; Calcium imbalances; Mag...

সম্পূর্ণ বিবরণ

সংরক্ষণ করুন:
গ্রন্থ-পঞ্জীর বিবরন
প্রধান লেখক: Johnson, Joyce Young
বিন্যাস: গ্রন্থ
ভাষা:Undetermined
প্রকাশিত: New York McGraw-Hill Medical 2008
বিষয়গুলি:
ট্যাগগুলো: ট্যাগ যুক্ত করুন
কোনো ট্যাগ নেই, প্রথমজন হিসাবে ট্যাগ করুন!
Thư viện lưu trữ: Trung tâm Học liệu Trường Đại học Cần Thơ
LEADER 00967nam a2200193Ia 4500
001 CTU_187034
008 210402s9999 xx 000 0 und d
082 |a 616.3992 
082 |b J67 
100 |a Johnson, Joyce Young 
245 0 |a Fluids and electrolytes demystified 
245 0 |c Joyce Y. Johnson ; With contributions by Edward Lyons, Bennita W. Vaughans 
260 |a New York 
260 |b McGraw-Hill Medical 
260 |c 2008 
520 |a Contents: Key elements underlying fluid and electrolyte balance; Key elements underlying acid-base balance; General nursing assessments and diagnostic tests related to fluid, electrolyte, and acid-base balance; Fluid volume imbalances; Sodium imbalances; Potassium imbalances; Calcium imbalances; Magnesium imbalances... 
650 |a Water-electrolyte balance (Physiology),Cân bằng nước-điện giải (Sinh lý học) 
904 |i Giang 
980 |a Trung tâm Học liệu Trường Đại học Cần Thơ